000 00421nam a2200157Ia 4500
008 100122s9999 xx 000 0 und d
082 _b28588
_a823
100 _aमंत्री रमेश
245 _aमहानगर
250 _a2
260 _bमॅजेस्टिक प्रकाशन
_c1905
300 _a261
630 _aमहानगर
730 _aमहानगर
942 _cBOOK
999 _c414189
_d414186